Statistics for 6-Letter Capitals

Click here to take the quiz!

General Stats

  • This quiz has been taken 301 times
    (299 since last reset)
  • The average score is 33 of 45

Answer Stats

6-letter capital% Correct
London
96%
Madrid
94%
Lisbon
93%
Berlin
90%
Athens
88%
Dublin
88%
Warsaw
88%
Moscow
87%
Zagreb
84%
Ankara
81%
Bogota
80%
Ottawa
80%
Tehran
79%
Prague
77%
Vienna
77%
Luanda
75%
Manila
75%
Havana
74%
Lusaka
74%
Beirut
72%
Astana
71%
Asmara
70%
Maputo
69%
Muscat
69%
Riyadh
69%
Banjul
68%
Manama
68%
Bangui
67%
Tirana
67%
Monaco
66%
Nassau
66%
Skopje
66%
Taipei
66%
Harare
65%
Maseru
65%
Malabo
64%
Kigali
63%
Moroni
63%
Bamako
61%
Majuro
61%
Dodoma
60%
Niamey
59%
Bissau
57%
Roseau
57%
Tarawa
42%

Score Distribution

Percentile by Number Answered

Percent of People with Each Score

Your Score History

You have not taken this quiz since the last reset